[Event "4NCL Division 3s"]
[Site "Daventry Court ENG"]
[Date "2014.02.16"]
[Round "6.2"]
[White "Taylor, Geoffrey P"]
[Black "Grey, Nicholas D"]
[Result "0-1"]
[WhiteElo "1900"]
[BlackElo "1740"]
[PlyCount "66"]
[EventDate "2014.02.16"]
[WhiteTeam "Gloucestershire Gambits"]
[BlackTeam "BCM Bison (4)"]

1. e4 c5 2. Nf3 d6 3. d4 cxd4 4. Nxd4 Nf6 5. Nc3 g6 6. Be3 Bg7 7. f3 O-O 8. Bc4
Nc6 9. Qd2 Bd7 10. O-O-O Rc8 11. Bb3 Ne5 12. Bh6 Bxh6 13. Qxh6 Rxc3 14. bxc3
Qa5 15. Kb2 Rc8 16. Qd2 Nc4+ 17. Bxc4 Rxc4 18. Rhe1 Ra4 19. Ra1 Bb5 20. Nb3 Qc7
21. Re3 Nd7 22. f4 Nb6 23. Qf2 Nc4+ 24. Kb1 Qb6 25. Re2 Na3+ 26. Kc1 Bxe2 27.
Qxe2 Qg1+ 28. Kb2 Nc4+ 29. Qxc4 Qxa1+ 30. Kxa1 Rxc4 31. Nd2 Rxc3 32. Kb2 Re3
33. c3 Re2 0-1

[Event "4NCL Division 3s"]
[Site "Daventry Court ENG"]
[Date "2014.02.16"]
[Round "6.11"]
[White "White, Martin J"]
[Black "Balouka-Myers, Reuben"]
[Result "1-0"]
[WhiteElo "1829"]
[BlackElo "1542"]
[PlyCount "46"]
[EventDate "2014.02.16"]
[WhiteTeam "Bristol 2"]
[BlackTeam "Barnet Knights 2"]

1. e4 e6 2. d4 d5 3. e5 c5 4. c3 Nc6 5. Nf3 Qb6 6. a3 cxd4 7. cxd4 Bd7 8. Nc3
Nge7 9. Be2 Nf5 10. Na4 Qa5+ 11. b4 Qc7 12. O-O Ncxd4 13. Nxd4 Nxd4 14. Qxd4
Bxa4 15. Be3 Bd7 16. Rfc1 Qd8 17. Rc3 Be7 18. Qg4 O-O 19. Bh6 g6 20. Bxf8 Bxf8
21. Qd4 Bg7 22. Rac1 Qg5 23. f4 Qe7 1-0

[Event "4NCL Division 3s"]
[Site "Daventry Court ENG"]
[Date "2014.02.16"]
[Round "6.30"]
[White "Hibbitt, Arthur M"]
[Black "Klingher, Dominic"]
[Result "0-1"]
[WhiteElo "1830"]
[BlackElo "1768"]
[PlyCount "68"]
[EventDate "2014.02.16"]
[WhiteTeam "Banbury Bulldogs"]
[BlackTeam "Barnet Knights 1"]

1. g3 c5 2. Bg2 Nc6 3. c4 g6 4. Nc3 Bg7 5. d3 d6 6. Nf3 e5 7. O-O Nge7 8. e4
O-O 9. Nh4 f5 10. Bg5 Be6 11. exf5 gxf5 12. Nd5 Qd7 13. Qd2 Bxd5 14. cxd5 Nd4
15. Bh6 f4 16. Bxg7 Kxg7 17. Be4 Kh8 18. f3 Rg8 19. g4 Rg5 20. Rf2 b5 21. Ng2
b4 22. h4 Rg7 23. b3 a5 24. h5 a4 25. Rb1 axb3 26. axb3 Ra3 27. Qd1 Qb7 28. Nh4
Nxd5 29. Qe1 Qf7 30. Nf5 Nxf5 31. Rg2 Nfe3 32. Rh2 Nc3 33. h6 Rg8 34. Rbb2 d5
0-1

[Event "4NCL Division 3s"]
[Site "Daventry Court ENG"]
[Date "2014.02.16"]
[Round "6.33"]
[White "Balouka-Myers, Gabriel"]
[Black "Martin, Nick J"]
[Result "0-1"]
[WhiteElo "1577"]
[BlackElo "1703"]
[PlyCount "50"]
[EventDate "2014.02.16"]
[WhiteTeam "Barnet Knights 1"]
[BlackTeam "Banbury Bulldogs"]

1. d4 e6 2. e4 d5 3. exd5 exd5 4. Bd3 Bd6 5. Nf3 Ne7 6. O-O Bg4 7. Nbd2 Nd7 8.
c3 f5 9. Qc2 O-O 10. Ng5 Rf6 11. Re1 Nf8 12. h3 Bh5 13. g4 Bg6 14. gxf5 Nxf5
15. Nf1 Nh4 16. Bxg6 Rxg6 17. Kh1 Rxg5 18. Bxg5 Qxg5 19. Ne3 Qf4 20. f3 Qxf3+
21. Kg1 Qg3+ 22. Kf1 Nfg6 23. Ke2 Re8 24. Qd2 Nf3 25. Qd1 Nf4+ 0-1